000 00546nam a22001937a 4500
003 OSt
005 20140310183001.0
008 130208t xxu||||| |||| 00| 0 eng d
020 _a9710860119
050 _aHF 5549
_b.M366h 1999
100 _aMartires, Concepcion Rodil
245 _aHuman resources management :
_cConcepcion Rodil Martires
_bprinciples and practices /
260 _aMandaluyong City :
_bNational Book Store
_c1999.
300 _a461 p. :
_c22 cm.
521 _aBSBA
562 _e1
942 _2lcc
_cBK
_kLOC
999 _c18107
_d18107